00759nam a2200241 a 450000500170000000800410001704100080005804400070006610000330007324500950010626000660020130000100026765000140027765000340029165000190032565000180034465000260036265000250038866200130041365000240042670000380045070000290048820180803164929.0140121b1999 ck ||||| |||| 00| 0 spa d aspa ack aNaranjo Henao, Luis Germán aHumedales interiores de Colombiabbases técnicas para su conservación y uso sostenible aBogotábInstituto Alexander von HumboldtbMinambientec1999 a79 p. aHumedales aConservación de ecosistemas aUso sostenible aBiodiversidad aManejo de ecosistemas aPolítica ambiental aColombia aGestión ambiental aAndrade Pérez, Germán Ignacio aPonce de León, Eugenia